| 000 | 004480000a22001210004500 | ||
|---|---|---|---|
| 100 | 1 | _aCoperías, Enrique M. | |
| 245 | 1 | 0 | _aMi médico es un animal. |
| 300 | _aVol.19, no.219 (2000), p.14-19 | ||
| 520 | _aLas terapias con animales ayudan a paliar dolencias y discapacidades. La ciencia explica cómo curan las mascotas, ya sean delfines, caballos, perros, gallinas, etc. | ||
| 650 | 1 | 4 | _aMEDICINA |
| 773 | 0 | _tRevista muy interesante | |
| 942 | _cANA | ||
| 999 |
_c63255 _d63255 |
||